LDR 00713naa#a2200193#i#450# 001 EN\\bibl\113343 005 20260418182817.6 011 ## _a2782-4586 100 ## _a20260331b2026####ek#y0engy0150####ca 102 ## _aRU 200 1# _aAccounting and reporting in the digital economy: challenges in recognizing and valuing virtual assets (cryptoassets) _eJournal article 210 1# _aMoscow _cITBO University _d2026 215 ## _a6 с. 608 ## _aJournal article _2local 675 ## _aФинансы. Банковское дело. Деньги и денежное обращение. 336 _z 700 #1 _aAkbasheva _gDiana Muhadinovna 700 #1 _aUrusov _gMarat Ilyasovich 700 #1 _aAybazov _gAlbert Magomedovich 856 4# _azhpi.ru _u